LEADER 03378oam 2200673I 450 001 9910459529803321 005 20200520144314.0 010 $a0-429-90573-4 010 $a0-429-48096-2 010 $a1-282-78015-8 010 $a9786612780158 010 $a1-84940-813-0 035 $a(CKB)2670000000046728 035 $a(EBL)689567 035 $a(OCoLC)729246845 035 $a(SSID)ssj0000482510 035 $a(PQKBManifestationID)12172697 035 $a(PQKBTitleCode)TC0000482510 035 $a(PQKBWorkID)10526062 035 $a(PQKB)11251929 035 $a(MiAaPQ)EBC689567 035 $a(Au-PeEL)EBL689567 035 $a(CaPaEBR)ebr10419942 035 $a(CaONFJC)MIL278015 035 $a(EXLCZ)992670000000046728 100 $a20180611h20182009 uy 0 101 0 $aeng 135 $aur|n|---||||| 181 $ctxt 182 $cc 183 $acr 200 14$aThe 3-point therapist /$fby Hilary A. Davies 210 1$aBoca Raton, FL :$cRoutledge, an imprint of Taylor and Francis,$d[2018]. 210 4$dİ2009. 215 $a1 online resource (103 p.) 225 1 $aUKCP series 300 $a"On behalf of the United Kingdom Council for Psychotherapy." 311 $a0-367-32741-4 311 $a1-85575-746-X 327 $aFirst visit to the 3-point therapist -- Work of which you are proud -- Starting to focus -- Congratulations on beginning -- I listened -- We have a choice -- Tell me your story -- I'll tell you a story -- Only if they'll meet with you -- Simply respect -- Just think the right language -- In an unexpected way -- Funny that/funny this -- Catch them unawares -- My cat-- -- And the balls -- Practice writes theory -- Mad with my client -- Trust those seeds -- A specific painting in a specific way -- The families' curators -- Last visit to the 3-point therapist. 330 3 $aAn ambitious trainee therapist, determined to make her mark in the therapy world, seeks supervision and guidance. In her meetings with the 3-Point Therapist she gains much more than she had bargained for. The 3-Point Therapist is the charming story of one trainee's journey in search of professional success and recognition. What she learns is unexpected and changes her predicted path. The characters and situations in this book are purely fictional but the principles, the learning and the practice points are drawn from the author's thirty years' experience working with families in different paediatric and mental health settings. The books style is light, readable and at times humorous - but the messages are strong with far-reaching effect. The trainee and her professional practice are profoundly changed for ever. 410 0$aUKCP Karnac series. 606 $aFamily psychotherapy$xPractice 606 $aPsychotherapy$xPractice$xPsychological aspects 606 $aPsychotherapists$xPsychology 608 $aElectronic books. 615 0$aFamily psychotherapy$xPractice. 615 0$aPsychotherapy$xPractice$xPsychological aspects. 615 0$aPsychotherapists$xPsychology. 676 $a616.89/156 676 $a616.8914 700 $aDavies$b Hilary A.$0979822 712 02$aUnited Kingdom Council for Psychotherapy. 801 0$bFlBoTFG 801 1$bFlBoTFG 906 $aBOOK 912 $a9910459529803321 996 $aThe 3-point therapist$92234604 997 $aUNINA LEADER 04379nam 22006614a 450 001 9910792235903321 005 20230828232924.0 010 $a0-19-534644-0 010 $a1-4294-0289-X 010 $a1-280-84506-6 035 $a(CKB)2560000000299386 035 $a(EBL)271757 035 $a(OCoLC)191924299 035 $a(SSID)ssj0000186449 035 $a(PQKBManifestationID)11182822 035 $a(PQKBTitleCode)TC0000186449 035 $a(PQKBWorkID)10252617 035 $a(PQKB)10211398 035 $a(StDuBDS)EDZ0000023944 035 $a(Au-PeEL)EBL271757 035 $a(CaPaEBR)ebr10160584 035 $a(CaONFJC)MIL84506 035 $a(OCoLC)71794619 035 $a(MiAaPQ)EBC271757 035 $a(EXLCZ)992560000000299386 100 $a20050607d2006 uy 0 101 0 $aeng 135 $aur|n|---||||| 181 $ctxt 182 $cc 183 $acr 200 00$aJudgments over time$b[electronic resource] $ethe interplay of thoughts, feelings, and behaviors /$fedited by Lawrence J. Sanna and Edward C. Chang 210 $aOxford ;$aNew York $cOxford University Press$d2006 215 $a1 online resource (344 p.) 300 $aDescription based upon print version of record. 311 $a0-19-517766-5 311 $a0-19-984821-1 320 $aIncludes bibliographical references and indexes. 327 $aPast as prologue : an introduction to judgments over time / Lawrence J. Sanna and Edward C. Chang -- Abandoning optimism in predictions about the future / James A. Shepperd, Kate Sweeny, and Patrick J. Carroll -- Defensive pessimism : positive past, anxious present, and pessimistic future / Julie K. Norem and Shannon Smith -- Pursuing a path to a more perfect future : on causes, correlates, and consequences of perfectionism / Edward C. Chang, Christina A. Downey, and Elizabeth Y. Lin -- Predicting feelings versus choices / Leaf Van Boven and Joanne Kane -- Considering future consequences : an integrative model / Jeff Joireman, Alan Strathman, and Daniel Balliet -- Hope over time / C.R. Snyder, Kevin L. Rand, and Lorie A. Ritschel -- Fantasy realization and the bridging of time / Gabriele Oettingen and Jennifer Thorpe -- Extending the goal progress theory of rumination : goal reevaluation and growth / Leonard L. Martin and Abraham Tesser -- The road not taken : counterfactual thinking over time / Lawrence J. Sanna, Seth E. Carter, and Eulena M. Small -- Explaining the past, predicting the future / Bertram F. Malle and Chuck Tate -- Looking backward with an eye on the future : propositions toward a theory of regret regulation / Marcel Zeelenberg and Rik Pieters -- Looking back on what we knew and when we knew it : the role of time in the development of hindsight bias / Fred B. Bryant and Adam DeHoek -- How do you feel about it now and when did it happen? Judgments of emotion and judgments of time in autobiographical memory / John J. Skowronski, W. Richard Walker, and John E. Edlund -- Remembering and misremembering emotions / Linda J. Levine, Martin A. Safer, Heather C. Lench -- Future as epilogue : some conclusions on judgments over time / Lawrence J. Sanna and Edward C. Chang. 330 $aForward George Loewenstein- Carnegie Mellon UniversityPreface Lawrence J. Sanna- University of North Carolina at Chapel Hill, Edward C. Chang- University of MichiganINTRODUCTION 1. Past as Prologue: An Introduction to Judgments Over Time, Lawrence J. Sanna-University of North Carolina at Chapel Hill, Edward C. Chang-University of MichiganTHINKING ABOUT THE FUTURE 2. Abandoning Optimism in Predictions About the Future, James A. Sheppard and Kate Sweeney-University of Florida, Patrick J. Carroll-Ohio State University3. Defensive Pessimism: Positive Past, Anxious Present, and Pessimistic Future, 606 $aTime$xPsychological aspects 606 $aThought and thinking 606 $aEmotions 606 $aHuman behavior 615 0$aTime$xPsychological aspects. 615 0$aThought and thinking. 615 0$aEmotions. 615 0$aHuman behavior. 676 $a153.7/53 701 $aSanna$b Lawrence J$0860397 701 $aChang$b Edward C$g(Edward Chin-Ho)$0860398 801 0$bMiAaPQ 801 1$bMiAaPQ 801 2$bMiAaPQ 906 $aBOOK 912 $a9910792235903321 996 $aJudgments over time$93774320 997 $aUNINA